| 000 | 00651nam a2200181Ia 4500 | ||
|---|---|---|---|
| 008 | 151202s9999||||xx |||||||||||||| ||und|| | ||
| 082 | _bPNVM-48867 | ||
| 100 | _aलिमये दीपिका. | ||
| 245 | _aमाझ्या बालकविता. | ||
| 260 | _b"लिमये कुल विश्वस्त निध्ी करिता,पुणे." | ||
| 260 | _c0 | ||
| 300 | _a44 | ||
| 600 | _aलिमये दीपिका. | ||
| 630 | _aमाझ्या बालकविता. | ||
| 700 | _aलिमये दीपिका. | ||
| 730 | _aमाझ्या बालकविता. | ||
| 942 | _cBOOK | ||
| 999 |
_c1314804 _d1314801 |
||